History Quiz

Random History or World Quiz
Score 0/60 Timer 15:00
0 Plays Today
% Correct
Moon landing
77.1%
Big Bang
76.2%
WWI
75.1%
WWII
74.5%
Sputnik 1
72.7%
Columbus
72.1%
WWW
71%
Christianity
70.3%
Atomic Age
62.3%
Milky Way
60.3%
Sack of Rome
58.9%
Flight
57.7%
Solar System
55.8%
Islam
55.7%
Black Death
54%
Laws of motion
51.9%
Influenza
51.6%
Mongol Emp. zenith
50.6%
Heliocentrism
50.4%
Rome
49.7%
Modern car
patent
49.7%
K–Pg extinction
49.3%
SR
44.3%
Athenian dem.+Buddhism
44.1%
Theory of Evol.
43.7%
Out of Africa + Clothing
42.4%
Industrial Rev.
41.4%
Pyramids
41.3%
Wheel + Writing
41.1%
Slave Trade Act
39.7%
% Correct
Judaism
36.4%
H. sapiens
36%
Periodic table
35.6%
H. erectus
35%
Lucy
34.9%
Land animals
34.8%
Babylon
34.8%
Multicellular org.
34.7%
Mammals
34.2%
End of LHB
34%
Primates
33.3%
Upright walking
33.2%
Eukaryotes
32.5%
EM
31.7%
Cambrian exp.
31.7%
Battery
28.2%
-> Australia
28.1%
Oxygen in atm.
27.8%
P–Tr extinction
27.7%
Homo
27.4%
Agric. rev.
27.1%
Musical instr.
26.7%
Snowball Earth
25.2%
Dinosaurs
25.1%
Fire
25%
Drawings
25%
1st fossils
23%
-> Americas
23%
Pangea
21.3%
Pottery
20.5%
Remove Ads.
Support Sporcle.
Get the best of Sporcle when you Go Orange. This ad-free experience offers more features, more stats, and more fun while also helping to support Sporcle. Thank you for becoming a member.

You're not logged in!

Compare scores with friends on all Sporcle quizzes.
OR
Log In

Show Comments

Extras

Top Quizzes Today


Score Distribution

Your Account Isn't Verified!

In order to create a playlist on Sporcle, you need to verify the email address you used during registration. Go to your Sporcle Settings to finish the process.

Report this User

Report this user for behavior that violates our Community Guidelines.

Details: